Welcome to the Holygrace Academy Library

Please use search bar below to get started

LIVES OF DESTINY (Record no. 7313)

MARC details
000 -LEADER
fixed length control field 00250nam a22001217a 4500
082 ## - DEWEY DECIMAL CLASSIFICATION NUMBER
Classification number 823
Item number MUR/L
100 ## - MAIN ENTRY--AUTHOR NAME
Personal name MURTHI, R K
245 ## - TITLE STATEMENT
Title LIVES OF DESTINY
260 ## - PUBLICATION, DISTRIBUTION, ETC. (IMPRINT)
Place of publication PUNE
Name of publisher VIKAS
Year of publication 2000
300 ## - PHYSICAL DESCRIPTION
Number of Pages 96
650 ## - SUBJECT ADDED ENTRY--TOPICAL TERM
Topical Term ENGLISH STORY
Geographic subdivision INDIA
942 ## - ADDED ENTRY ELEMENTS (KOHA)
Koha item type Books
Holdings
Withdrawn status Lost status Collection code Home library Current library Date acquired Source of acquisition Cost, normal purchase price Full call number Accession Number Koha item type
Withdrawn Damaged Item Fiction Main Library Main Library 04/03/2002 purchase 96.00 823 MUR/L 00276 Books